000 00594nam a2200277Ia 4500
005 20260401122050.0
008 008 250103s9999 xx 000 0 eng d
020 _a333771214
037 _aTB
040 _aEDL
040 _beng
040 _cEDL
041 _2eng
041 _aeng
084 _a809.933 SPA
084 _qEDL
245 0 _aReading the Past: Literature and History
260 _aHampshire
260 _bPalgrave
260 _c2000
300 _a200p
942 _cTB
942 _h809.933 SPA
999 _c1844691
_d1844691